[Event "IND-ch Women 2019"]
[Site "Karaikkudi"]
[Date "2019.07.26"]
[Round "10.17"]
[White "Shriya R Revankar"]
[Black "Meenal Gupta"]
[Result "1/2-1/2"]
[WhiteElo "1627"]
[BlackElo "2004"]
[Annotator "NA RC"]
[PlyCount "188"]
[EventDate "2019.07.19"]
[EventType "swiss"]
[EventCountry "IND"]
[SourceTitle "playchess.com"]
[Source "ChessBase"]
[SourceQuality "1"]
[TimeControl "40/5400+30:1800+30"]

1. e4 {[%emt 0:00:00]} c5 {[%emt 0:00:00]} 2. Nf3 {[%emt 0:00:00]} d6 {[%emt 0:00:00]} 3. Bb5+ {[%emt 0:00:00]} Bd7 {[%emt 0:00:00]} 4. Bxd7+ {[%emt 0:00:00]} Qxd7 {[%emt 0:01:22]} 5. O-O {[%emt 0:00:03]} Nc6 {[%emt 0:00:40]} 6. c3 {[%emt 0:00:08]} Nf6 {[%emt 0:01:06]} 7. Re1 {[%emt 0:00:15]} e6 {[%emt 0:01:32]} 8. d4 {[%emt 0:00:08]} cxd4 {[%emt 0:00:21]} 9. cxd4 {[%emt 0:00:07]} d5 {[%emt 0:00:44]} 10. e5 {[%emt 0:00:07]} Ne4 {[%emt 0:00:14]} 11. Nbd2 {[%emt 0:00:11]} Nxd2 {[%emt 0:00:51]} 12. Bxd2 {[%emt 0:00:07]} Be7 {[%emt 0:02:05]} 13. Rc1 {[%emt 0:00:09]} O-O {[%emt 0:01:09]} 14. Rc3 {[%emt 0:02:09]} Rfc8 $11 {[%emt 0:17:25]} 15. a3 {[%emt 0:01:17]} b5 {[%emt 0:03:59]} 16. Rd3 {[%emt 0:00:33]} Qd8 {[%emt 0:05:56]} 17. h4 {[%emt 0:37:18]} a5 {[%emt 0:00:32]} 18. Ng5 {[%emt 0:09:29]} h6 {[%emt 0:01:48]} 19. Nh3 {[%emt 0:08:43]} Ra7 {[%emt 0:01:26]} 20. Qg4 {[%emt 0:09:39]} Kh7 {[%emt 0:03:03]} 21. Rg3 {[%emt 0:03:23]} Qf8 {[%emt 0:03:51]} 22. Nf4 {[%emt 0:12:15]} Nxd4 {[%emt 0:05:30]} 23. Nxd5 {[%emt 0:01:34]} Nf5 {[%emt 0:01:44]} 24. Rh3 {[%emt 0:09:56]} Rc2 {[%emt 0:04:23]} 25. Nxe7 {[%emt 0:00:16]} Qxe7 {[%emt 0:01:40]} 26. Bc3 {[%emt 0:00:25]} Qc5 {[%emt 0:05:54]} 27. Rf3 {[%emt 0:00:33]} Qc4 {[%emt 0:00:47]} 28. Qxc4 {[%emt 0:02:07]} bxc4 {[%emt 0:00:04]} 29. Rf4 {[%emt 0:00:15]} Rb7 {[%emt 0:00:16]} 30. Ree4 {[%emt 0:01:22]} Rc1+ {[%emt 0:06:32]} 31. Kh2 {[%emt 0:00:13]} Rd7 {[%emt 0:00:15]} 32. Re1 {[%emt 0:01:38]} Rxe1 {[%emt 0:01:19]} 33. Bxe1 {[%emt 0:00:04]} Rd5 {[%emt 0:00:33]} 34. Bc3 {[%emt 0:00:58]} Rc5 {[%emt 0:00:29]} 35. Kh3 {[%emt 0:00:42]} Kg8 {[%emt 0:00:25]} 36. g4 {[%emt 0:00:42]} Nxh4 {[%emt 0:00:11]} 37. Rd4 {[%emt 0:00:36]} Nf3 {[%emt 0:01:15]} 38. Rd8+ {[%emt 0:00:33]} Kh7 {[%emt 0:00:03]} 39. Kg2 {[%emt 0:01:03]} Nxe5 {[%emt 0:01:19]} 40. Bd4 {[%emt 0:00:00]} Nc6 {[%emt 0:00:00]} 41. Rc8 {[%emt 0:01:40]} Rd5 {[%emt 0:01:27]} 42. Bxg7 {[%emt 0:03:05]} Ne7 {[%emt 0:02:14]} 43. Rc7 {[%emt 0:00:19]} Kxg7 {[%emt 0:00:24]} 44. Rxe7 {[%emt 0:00:06]} Rb5 {[%emt 0:01:06]} 45. Rc7 {[%emt 0:00:13]} Rxb2 {[%emt 0:00:07]} 46. Rxc4 {[%emt 0:00:05]} Rb3 {[%emt 0:00:54]} 47. Ra4 {[%emt 0:00:10]} Rb5 {[%emt 0:00:03]} 48. Kf3 {[%emt 0:04:02]} Kg6 {[%emt 0:05:51]} 49. Kf4 {[%emt 0:02:52]} Rd5 {[%emt 0:04:08]} 50. Rc4 {[%emt 0:02:22]} f6 {[%emt 0:01:10]} 51. Ke4 {[%emt 0:01:52]} Kg5 {[%emt 0:01:29]} 52. f3 {[%emt 0:00:26]} Rb5 {[%emt 0:05:27]} 53. a4 {[%emt 0:01:07]} Re5+ {[%emt 0:03:33]} 54. Kd3 {[%emt 0:00:08]} Kh4 {[%emt 0:04:42]} 55. Rf4 {[%emt 0:01:22]} Kg5 {[%emt 0:00:34]} 56. Rc4 {[%emt 0:00:06]} Rd5+ {[%emt 0:00:04]} 57. Ke4 {[%emt 0:01:22]} f5+ {[%emt 0:00:11]} 58. gxf5 {[%emt 0:00:25]} Rxf5 {[%emt 0:00:02]} 59. Rc6 {[%emt 0:02:18]} Kf6 {[%emt 0:02:20]} 60. f4 {[%emt 0:01:04]} h5 {[%emt 0:00:44]} 61. Rc8 {[%emt 0:00:35]} Ke7 {[%emt 0:01:09]} 62. Ra8 {[%emt 0:01:13]} Rd5 {[%emt 0:00:48]} 63. Kf3 {[%emt 0:01:56]} Rc5 {[%emt 0:01:10]} 64. Kg3 {[%emt 0:02:17]} Kd6 {[%emt 0:01:18]} 65. Kh4 {[%emt 0:01:00]} Rf5 {[%emt 0:01:20]} 66. Ra6+ {[%emt 0:00:13]} Ke7 {[%emt 0:00:15]} 67. Ra7+ {[%emt 0:00:29]} Kf6 {[%emt 0:00:09]} 68. Kg3 {[%emt 0:00:17]} Rd5 {[%emt 0:02:03]} 69. Kf3 {[%emt 0:00:52]} Rc5 {[%emt 0:01:13]} 70. Ra8 {[%emt 0:00:44]} Rc3+ {[%emt 0:00:56]} 71. Kg2 {[%emt 0:00:47]} Rc5 {[%emt 0:00:29]} 72. Kf3 {[%emt 0:00:05]} Rf5 {[%emt 0:00:12]} 73. Rf8+ {[%emt 0:01:35]} Kg6 {[%emt 0:00:33]} 74. Rg8+ {[%emt 0:01:17]} Kf7 {[%emt 0:00:12]} 75. Ra8 {[%emt 0:01:40]} e5 {[%emt 0:00:54]} 76. Ra7+ {[%emt 0:02:33]} Ke6 {[%emt 0:01:06]} 77. Ra6+ {[%emt 0:00:07]} Kd7 {[%emt 0:00:22]} 78. Ke4 {[%emt 0:02:11]} Rxf4+ {[%emt 0:00:10]} 79. Kxe5 {[%emt 0:00:04]} Rxa4 {[%emt 0:00:05]} 80. Kd5 {[%emt 0:00:40]} h4 {[%emt 0:05:55]} 81. Ra7+ {[%emt 0:00:14]} Kc8 {[%emt 0:03:18]} 82. Kc6 {[%emt 0:00:09]} Rc4+ {[%emt 0:00:04]} 83. Kb5 {[%emt 0:00:25]} Rg4 {[%emt 0:00:06]} 84. Kxa5 {[%emt 0:03:07]} Rg5+ {[%emt 0:02:20]} 85. Kb4 {[%emt 0:00:13]} Rh5 {[%emt 0:00:10]} 86. Kc3 {[%emt 0:00:51]} h3 {[%emt 0:00:06]} 87. Ra1 {[%emt 0:00:02]} Kd7 {[%emt 0:00:48]} 88. Kd3 {[%emt 0:00:23]} Ke6 {[%emt 0:00:05]} 89. Ke4 {[%emt 0:00:47]} h2 {[%emt 0:00:25]} 90. Rh1 {[%emt 0:00:06]} Rh3 {[%emt 0:00:14]} 91. Kf4 {[%emt 0:00:16]} Kf6 {[%emt 0:00:04]} 92. Kg4 {[%emt 0:00:19]} Rh6 {[%emt 0:00:03]} 93. Kg3 {[%emt 0:00:03]} Kg5 {[%emt 0:00:07]} 94. Rxh2 {[%emt 0:00:05]} Kf5 {[%emt 0:21:38]} 1/2-1/2

[Event "IND-ch Women 2019"]
[Site "Karaikkudi"]
[Date "2019.07.26"]
[Round "10.18"]
[White "Sanskriti Goyal"]
[Black "Sheena, E.."]
[Result "*"]
[WhiteElo "1948"]
[BlackElo "1763"]
[Annotator "NA RC"]
[PlyCount "121"]
[EventDate "2019.07.19"]
[EventType "swiss"]
[EventCountry "IND"]
[SourceTitle "playchess.com"]
[Source "ChessBase"]
[SourceQuality "1"]
[TimeControl "40/5400+30:1800+30"]

1. d4 {[%emt 0:00:00]} d5 {[%emt 0:00:00]} 2. c4 {[%emt 0:00:00]} e6 {[%emt 0:00:00]} 3. Nc3 {[%emt 0:00:00]} c6 {[%emt 0:00:00]} 4. Nf3 {[%emt 0:00:40]} Nf6 {[%emt 0:00:04]} 5. e3 {[%emt 0:00:09]} Bd6 {[%emt 0:00:10]} 6. Bd3 {[%emt 0:00:17]} Nbd7 {[%emt 0:00:29]} 7. O-O {[%emt 0:00:10]} O-O {[%emt 0:00:36]} 8. e4 {[%emt 0:00:05]} dxe4 {[%emt 0:00:12]} 9. Nxe4 {[%emt 0:00:03]} Nxe4 {[%emt 0:01:34]} 10. Bxe4 $11 {[%emt 0:00:03]} f5 {[%emt 0:01:11]} 11. Bc2 {[%emt 0:02:59]} Nf6 {[%emt 0:06:46]} 12. Re1 {[%emt 1:09:59]} h6 {[%emt 0:00:30]} 13. h3 {[%emt 0:00:30]} Bd7 {[%emt 0:00:30]} 14. Ne5 {[%emt 0:00:30]} Be8 {[%emt 0:00:30]} 15. Qf3 {[%emt 0:00:30]} Nd7 {[%emt 0:00:30]} 16. Nd3 {[%emt 0:00:30]} Qf6 {[%emt 0:00:30]} 17. c5 {[%emt 0:00:30]} Bc7 {[%emt 0:00:30]} 18. Rxe6 {[%emt 0:00:30]} Qxd4 {[%emt 0:00:30]} 19. Bd2 {[%emt 0:00:30]} Nxc5 {[%emt 0:00:30]} 20. Bc3 {[%emt 0:00:30]} Nxe6 {[%emt 0:00:30]} 21. Bxd4 {[%emt 0:00:30]} Nxd4 {[%emt 0:00:30]} 22. Qd1 {[%emt 0:00:30]} b6 {[%emt 0:00:30]} 23. Rc1 {[%emt 0:00:30]} f4 {[%emt 0:00:30]} 24. Ne1 {[%emt 0:00:30]} Rd8 {[%emt 0:00:30]} 25. Qd3 {[%emt 0:00:30]} f3 {[%emt 0:00:30]} 26. Qh7+ {[%emt 0:00:30]} Kf7 {[%emt 0:00:30]} 27. Qg6+ {[%emt 0:00:30]} Kg8 {[%emt 0:00:30]} 28. Qh7+ {[%emt 0:00:30]} Kf7 {[%emt 0:00:30]} 29. Rd1 {[%emt 0:00:30]} Ne2+ {[%emt 0:00:30]} 30. Kh1 {[%emt 0:00:30]} fxg2+ {[%emt 0:00:30]} 31. Nxg2 {[%emt 0:00:30]} Rxd1+ {[%emt 0:00:30]} 32. Bxd1 {[%emt 0:00:30]} Nd4 {[%emt 0:00:30]} 33. Qe4 {[%emt 0:00:30]} Ne6 {[%emt 0:00:30]} 34. Bb3 {[%emt 0:00:30]} Bd7 {[%emt 0:00:30]} 35. Nh4 {[%emt 0:00:30]} Re8 {[%emt 0:00:30]} 36. Qg6+ {[%emt 0:00:30]} Ke7 {[%emt 0:00:30]} 37. Bxe6 {[%emt 0:00:30]} Bxe6 {[%emt 0:00:30]} 38. Qxg7+ {[%emt 0:00:30]} Kd8 {[%emt 0:00:30]} 39. Qxh6 {[%emt 0:00:30]} Bxh3 {[%emt 0:00:30]} 40. Qd2+ {[%emt 0:00:30]} Kc8 {[%emt 0:00:30]} 41. f4 {[%emt 0:30:30]} Be6 {[%emt 0:30:30]} 42. Ng6 Bxa2 {[%emt 0:00:30]} 43. f5 {[%emt 0:01:00]} Bb1 {[%emt 0:43:51]} 44. Qg5 {[%emt 0:02:20]} Re1+ {[%emt 0:11:11]} 45. Kg2 {[%emt 0:00:07]} Re2+ {[%emt 0:00:31]} 46. Kf3 {[%emt 0:01:01]} Rxb2 {[%emt 0:00:17]} 47. f6 {[%emt 0:02:26]} Rb3+ {[%emt 0:01:10]} 48. Ke2 {[%emt 0:00:27]} Rb2+ {[%emt 0:01:42]} 49. Ke1 {[%emt 0:00:50]} Ba2 {[%emt 0:02:28]} 50. f7 {[%emt 0:02:51]} Bxf7 {[%emt 0:00:12]} 51. Qf5+ {[%emt 0:00:02]} Kb7 {[%emt 0:00:03]} 52. Qxf7 {[%emt 0:00:06]} b5 {[%emt 0:01:06]} 53. Nf8 {[%emt 0:03:29]} Kb6 {[%emt 0:00:31]} 54. Ne6 {[%emt 0:00:37]} Bg3+ {[%emt 0:00:51]} 55. Kd1 {[%emt 0:00:01]} Rf2 {[%emt 0:08:49]} 56. Qg7 {[%emt 0:01:30]} Rf1+ {[%emt 0:00:17]} 57. Kc2 {[%emt 0:00:09]} Re1 {[%emt 0:00:40]} 58. Qd4+ {[%emt 0:00:40]} Kb7 {[%emt 0:02:58]} 59. Nc5+ {[%emt 0:00:26]} Kb6 {[%emt 0:01:28]} 60. Nd3+ {[%emt 0:00:09]} c5 {[%emt 0:00:15]} 61. Qxc5+ {[%emt 0:00:08]} *

[Event "IND-ch Women 2019"]
[Site "Karaikkudi"]
[Date "2019.07.26"]
[Round "10.19"]
[White "Nandhini, Saripalli"]
[Black "Shah, Vishwa"]
[Result "1-0"]
[WhiteElo "1933"]
[BlackElo "1734"]
[Annotator "NA RC"]
[PlyCount "93"]
[EventDate "2019.07.19"]
[EventType "swiss"]
[EventCountry "IND"]
[SourceTitle "playchess.com"]
[Source "ChessBase"]
[SourceQuality "1"]
[TimeControl "40/5400+30:1800+30"]

1. e4 {[%emt 0:00:00]} e5 {[%emt 0:00:00]} 2. Nf3 {[%emt 0:00:00]} Nc6 {[%emt 0:00:00]} 3. Nc3 {[%emt 0:00:00]} Nf6 {[%emt 0:01:24]} 4. d4 {[%emt 0:00:02]} exd4 {[%emt 0:00:29]} 5. Nxd4 {[%emt 0:00:02]} Bb4 {[%emt 0:16:56]} 6. Nxc6 {[%emt 0:00:20]} bxc6 {[%emt 0:01:28]} 7. Bd3 {[%emt 0:00:24]} d5 {[%emt 0:06:21]} 8. exd5 {[%emt 0:00:20]} cxd5 {[%emt 0:02:20]} 9. O-O $11 {[%emt 0:00:23]} O-O {[%emt 0:00:16]} 10. h3 {[%emt 0:00:13]} h6 {[%emt 0:05:33]} 11. Qf3 {[%emt 0:01:00]} c6 {[%emt 0:05:41]} 12. Bf4 {[%emt 0:00:23]} Bd6 {[%emt 0:00:30]} 13. Rfe1 {[%emt 0:00:31]} Be6 {[%emt 0:04:45]} 14. Ne2 {[%emt 0:02:02]} c5 {[%emt 0:01:13]} 15. Rad1 {[%emt 0:08:49]} d4 {[%emt 0:04:43]} 16. b3 {[%emt 0:04:15]} Bd5 {[%emt 0:16:35]} 17. Qg3 {[%emt 0:01:42]} Nh5 {[%emt 0:00:11]} 18. Qg4 {[%emt 0:01:30]} Nf6 {[%emt 0:00:49]} 19. Qh4 {[%emt 0:05:20]} Ne4 {[%emt 0:13:55]} 20. Qxd8 {[%emt 0:17:51]} Rfxd8 {[%emt 0:00:01]} 21. c4 {[%emt 0:06:07]} Bb7 {[%emt 0:01:42]} 22. Bxe4 {[%emt 0:05:43]} Bxe4 {[%emt 0:00:10]} 23. Bxd6 {[%emt 0:00:17]} Rxd6 {[%emt 0:00:39]} 24. Nxd4 {[%emt 0:02:16]} Bxg2 {[%emt 0:00:20]} 25. Kxg2 {[%emt 0:02:49]} cxd4 {[%emt 0:00:06]} 26. Rd3 {[%emt 0:01:54]} Kf8 {[%emt 0:02:51]} 27. c5 {[%emt 0:04:16]} Rd5 {[%emt 0:02:53]} 28. Rc1 {[%emt 0:05:55]} Ke7 {[%emt 0:03:14]} 29. Rc4 {[%emt 0:00:14]} Rad8 {[%emt 0:00:30]} 30. b4 {[%emt 0:00:47]} Kf6 {[%emt 0:03:20]} 31. a4 {[%emt 0:06:32]} Ke5 {[%emt 0:00:20]} 32. b5 {[%emt 0:04:35]} Rc8 {[%emt 0:01:13]} 33. c6 {[%emt 0:00:15]} f5 {[%emt 0:01:03]} 34. f3 {[%emt 0:03:30]} g5 {[%emt 0:00:45]} 35. Kf2 {[%emt 0:00:34]} h5 {[%emt 0:01:24]} 36. Rb4 {[%emt 0:07:55]} Rb8 {[%emt 0:01:06]} 37. Rd1 {[%emt 0:02:17]} d3 {[%emt 0:01:22]} 38. Ke3 {[%emt 0:01:02]} f4+ {[%emt 0:00:13]} 39. Kd2 {[%emt 0:00:44]} Kf5 {[%emt 0:01:53]} 40. Rc1 {[%emt 0:00:00]} g4 {[%emt 0:00:00]} 41. hxg4+ {[%emt 0:04:23]} hxg4 {[%emt 0:03:53]} 42. fxg4+ {[%emt 0:06:08]} Kxg4 {[%emt 0:00:03]} 43. c7 {[%emt 0:03:17]} Rc8 {[%emt 0:00:12]} 44. a5 {[%emt 0:00:26]} Kg3 {[%emt 0:07:31]} 45. b6 {[%emt 0:00:45]} Rxa5 {[%emt 0:07:40]} 46. b7 {[%emt 0:00:32]} Ra2+ {[%emt 0:00:09]} 47. Kxd3 {[%emt 0:00:50]} 1-0

[Event "IND-ch Women 2019"]
[Site "Karaikkudi"]
[Date "2019.07.26"]
[Round "10.20"]
[White "Chinnam Vyshnavi"]
[Black "Toshali, V."]
[Result "0-1"]
[WhiteElo "1664"]
[BlackElo "1920"]
[Annotator "NA RC"]
[PlyCount "112"]
[EventDate "2019.07.19"]
[EventType "swiss"]
[EventCountry "IND"]
[SourceTitle "playchess.com"]
[Source "ChessBase"]
[SourceQuality "1"]
[TimeControl "40/5400+30:1800+30"]

1. d4 {[%emt 0:00:00]} d5 {[%emt 0:00:00]} 2. Bf4 {[%emt 0:00:00]} c5 {[%emt 0:00:00]} 3. e3 {[%emt 0:00:03]} Nc6 {[%emt 0:00:38]} 4. Nf3 {[%emt 0:01:11]} Nf6 {[%emt 0:01:59]} 5. Nc3 {[%emt 0:00:49]} cxd4 {[%emt 0:01:53]} 6. exd4 {[%emt 0:03:46]} Bg4 {[%emt 0:02:44]} 7. Bb5 {[%emt 0:02:05]} e6 {[%emt 0:01:23]} 8. h3 {[%emt 0:05:18]} Bh5 {[%emt 0:02:29]} 9. g4 $11 {[%emt 0:02:04]} Bg6 {[%emt 0:00:28]} 10. Ne5 {[%emt 0:01:13]} Qb6 {[%emt 0:01:48]} 11. a4 {[%emt 0:23:19]} Bb4 {[%emt 0:03:18]} 12. O-O {[%emt 0:00:18]} O-O {[%emt 0:13:19]} 13. Bxc6 {[%emt 0:06:59]} bxc6 {[%emt 0:02:34]} 14. h4 {[%emt 0:03:22]} Bxc3 {[%emt 0:02:22]} 15. bxc3 {[%emt 0:00:15]} Qb2 {[%emt 0:01:07]} 16. Nxg6 {[%emt 0:18:52]} fxg6 {[%emt 0:02:59]} 17. Qd3 {[%emt 0:03:30]} Qb7 {[%emt 0:05:13]} 18. f3 {[%emt 0:01:00]} Qe7 {[%emt 0:11:13]} 19. Bg3 {[%emt 0:02:10]} Ne8 {[%emt 0:04:08]} 20. c4 {[%emt 0:01:20]} Nd6 {[%emt 0:01:51]} 21. c5 {[%emt 0:01:00]} Nc4 {[%emt 0:00:31]} 22. Rae1 {[%emt 0:02:05]} Qf6 {[%emt 0:05:51]} 23. c3 {[%emt 0:04:03]} Rae8 {[%emt 0:01:29]} 24. Kg2 {[%emt 0:02:52]} Rf7 {[%emt 0:04:00]} 25. Re2 {[%emt 0:01:57]} h5 {[%emt 0:08:36]} 26. g5 {[%emt 0:05:47]} Qf5 {[%emt 0:00:02]} 27. Qxf5 {[%emt 0:01:09]} gxf5 {[%emt 0:00:02]} 28. Bd6 {[%emt 0:05:28]} Nxd6 {[%emt 0:05:50]} 29. cxd6 {[%emt 0:00:08]} Rd7 {[%emt 0:00:03]} 30. Rb1 {[%emt 0:00:19]} Kf7 {[%emt 0:01:10]} 31. Kg3 {[%emt 0:03:08]} Rxd6 {[%emt 0:01:04]} 32. Kf4 {[%emt 0:00:00]} c5 {[%emt 0:11:01]} 33. Ke5 {[%emt 0:00:00]} Rd7 {[%emt 0:00:50]} 34. dxc5 {[%emt 0:00:00]} d4 {[%emt 0:00:55]} 35. c4 {[%emt 0:01:16]} Rc8 {[%emt 0:00:59]} 36. Rb5 {[%emt 0:00:10]} a6 {[%emt 0:00:31]} 37. Ra5 {[%emt 0:00:03]} Rc6 {[%emt 0:00:27]} 38. Rd2 {[%emt 0:01:11]} d3 {[%emt 0:00:33]} 39. Kf4 {[%emt 0:00:06]} Rd4+ {[%emt 0:00:37]} 40. Ke3 {[%emt 0:00:00]} Rxh4 {[%emt 0:00:00]} 41. Kxd3 {[%emt 0:03:33]} Rh1 {[%emt 0:14:12]} 42. Rb2 {[%emt 0:01:21]} h4 {[%emt 0:00:13]} 43. Rb6 {[%emt 0:00:17]} h3 {[%emt 0:00:42]} 44. Rxc6 {[%emt 0:01:24]} h2 {[%emt 0:00:05]} 45. Raxa6 {[%emt 0:01:23]} Rd1+ {[%emt 0:01:42]} 46. Kc3 {[%emt 0:00:23]} h1=Q {[%emt 0:00:07]} 47. Ra7+ {[%emt 0:00:21]} Kg6 {[%emt 0:00:30]} 48. Rxe6+ {[%emt 0:00:10]} Kxg5 {[%emt 0:00:03]} 49. Rxg7+ {[%emt 0:00:48]} Kf4 {[%emt 0:00:02]} 50. Kb4 {[%emt 0:01:17]} Rb1+ {[%emt 0:01:12]} 51. Ka5 {[%emt 0:00:06]} Qxf3 {[%emt 0:00:15]} 52. Rgg6 {[%emt 0:00:50]} Qc3+ {[%emt 0:00:28]} 53. Ka6 {[%emt 0:00:15]} Qxc4+ {[%emt 0:00:04]} 54. Ka7 {[%emt 0:00:22]} Qxa4+ {[%emt 0:00:07]} 55. Ra6 {[%emt 0:00:10]} Qd7+ {[%emt 0:00:04]} 56. Ka8 {[%emt 0:00:05]} Qb7# {[%emt 0:00:04]} 0-1

[Event "IND-ch Women 2019"]
[Site "Karaikkudi"]
[Date "2019.07.26"]
[Round "10.21"]
[White "Sunyasakta, Satpathy"]
[Black "Dhyana Patel"]
[Result "0-1"]
[WhiteElo "1801"]
[BlackElo "1900"]
[Annotator "NA RC"]
[PlyCount "72"]
[EventDate "2019.07.19"]
[EventType "swiss"]
[EventCountry "IND"]
[SourceTitle "playchess.com"]
[Source "ChessBase"]
[SourceQuality "1"]
[TimeControl "40/5400+30:1800+30"]

1. e4 {[%emt 0:00:00]} c5 {[%emt 0:00:00]} 2. d4 {[%emt 0:00:01]} cxd4 {[%emt 0:00:21]} 3. c3 {[%emt 0:00:06]} dxc3 {[%emt 0:00:34]} 4. Nxc3 {[%emt 0:00:07]} Nc6 {[%emt 0:00:06]} 5. Nf3 {[%emt 0:00:04]} e6 {[%emt 0:00:05]} 6. Bc4 {[%emt 0:00:03]} Bb4 {[%emt 0:00:06]} 7. Bd2 {[%emt 0:01:13]} Nge7 {[%emt 0:00:23]} 8. O-O {[%emt 0:01:53]} O-O {[%emt 0:00:13]} 9. Bg5 {[%emt 0:11:18]} Qa5 {[%emt 0:01:33]} 10. Nd5 {[%emt 0:41:53]} exd5 {[%emt 0:06:14]} 11. exd5 {[%emt 0:00:07]} Nd8 {[%emt 0:05:12]} 12. d6 {[%emt 0:01:02]} Nf5 {[%emt 0:00:15]} 13. a3 {[%emt 0:03:26]} Bxd6 {[%emt 0:01:01]} 14. g4 {[%emt 0:00:20]} Be7 {[%emt 0:07:53]} 15. b4 {[%emt 0:08:34]} Qb6 {[%emt 0:02:48]} 16. gxf5 {[%emt 0:03:13]} Bxg5 {[%emt 0:06:19]} 17. Nxg5 {[%emt 0:00:12]} Qf6 {[%emt 0:00:51]} 18. Ne4 {[%emt 0:04:14]} Qxf5 {[%emt 0:02:14]} 19. Nd6 {[%emt 0:01:13]} Qf6 {[%emt 0:04:12]} 20. Rc1 {[%emt 0:06:13]} Ne6 {[%emt 0:06:13]} 21. Qg4 {[%emt 0:09:20]} Ng5 {[%emt 0:05:00]} 22. Qg3 {[%emt 0:02:39]} Nf3+ {[%emt 0:05:35]} 23. Kh1 {[%emt 0:00:03]} Nd4 {[%emt 0:01:44]} 24. Rg1 {[%emt 0:03:09]} g6 {[%emt 0:01:20]} 25. h4 {[%emt 0:00:54]} Nf5 {[%emt 0:01:18]} 26. Nxf5 {[%emt 0:00:06]} Qxf5 {[%emt 0:00:04]} 27. Rcd1 {[%emt 0:00:37]} Qe4+ {[%emt 0:00:42]} 28. Kh2 {[%emt 0:00:27]} Qxc4 {[%emt 0:00:17]} 29. Rd6 {[%emt 0:00:08]} Qe4 {[%emt 0:02:13]} 30. h5 {[%emt 0:00:47]} Re8 {[%emt 0:01:22]} 31. hxg6 {[%emt 0:00:50]} fxg6 {[%emt 0:06:57]} 32. Re1 {[%emt 0:01:07]} Qxe1 {[%emt 0:00:23]} 33. Rxg6+ {[%emt 0:00:02]} Kh8 {[%emt 0:00:50]} 34. Rg5 {[%emt 0:00:29]} Rf8 {[%emt 0:01:41]} 35. Kh3 {[%emt 0:01:01]} Qh1+ {[%emt 0:00:29]} 36. Kg4 {[%emt 0:00:03]} d6+ {[%emt 0:00:15]} 0-1

[Event "IND-ch Women 2019"]
[Site "Karaikkudi"]
[Date "2019.07.27"]
[Round "11.1"]
[White "Kulkarni Bhakti"]
[Black "Pratyusha, Bodda"]
[Result "1/2-1/2"]
[WhiteElo "2388"]
[BlackElo "2265"]
[Annotator "TA"]
[PlyCount "124"]
[EventDate "2019.07.19"]
[EventType "swiss"]
[EventCountry "IND"]
[SourceTitle "playchess.com"]
[Source "ChessBase"]
[SourceQuality "1"]

{[%evp 9,124,-8,25,25,23,22,38,30,36,33,50,42,43,27,49,21,44,51,43,37,78,67,70,67,81,50,54,23,36,21,21,26,86,37,64,64,55,63,59,34,31,12,16,17,23,16,35,24,9,0,0,-15,-18,-49,-49,-97,-97,-228,125,-28,-43,-38,-24,-25,-4,-108,-40,-172,-19,-51,0,0,41,52,56,57,71,16,16,17,181,181,362,0,0,0,0,0,8,0,0,0,0,0,0,0,0,0,0,0,0,0,0,0,0,0,0,0,0,0,0,0,0,0,0,0,0]} 1. d4 d5 2. c4 e6 3. Nc3 Bb4 4. Qc2 dxc4 (4... Nf6 5. a3 Bxc3+ 6. Qxc3 O-O 7. Bg5 h6 8. Bxf6 Qxf6 9. Nf3 c6 10. e3 Nd7 11. Rc1 a5 12. Bd3 Re8 13. O-O dxc4 14. Qxc4 e5 15. Bb1 {1-0 (46) Bu,X (2664)-Zhao,X (2553) Biel 2013}) 5. e3 Nf6 (5... b5 $5) 6. Bxc4 {D31: Queen's Gambit Declined: Semi-Slav without ...Nf6 (+ Marshall Gambit and Noteboom) and Exchange Variation lines without ...Nf6} c5 7. dxc5 Qa5 8. Bd2 {White is slightly better.} Qxc5 9. Be2 $146 ({Predecessor:} 9. Bd3 Nc6 10. Nge2 O-O 11. a3 Bxc3 12. Bxc3 Ne5 13. Bd4 Nxd3+ 14. Qxd3 {½-½ (39) Cross,G-Cooper,J Port Erin 2010}) 9... Nc6 10. Nf3 O-O 11. O-O b6 12. Rfc1 Bb7 13. a3 Bxc3 $1 14. Bxc3 Qe7 15. b4 Nd5 16. Bb2 Rac8 17. Qb3 a6 18. b5 Na5 19. Qa4 axb5 20. Bxb5 Ra8 (20... Rfd8 $11) 21. Rc2 (21. e4 {is more complex.} Nc7 22. Bf1 b5 23. Qd4 f6 24. Qb6) 21... Rfc8 22. Rac1 Rxc2 23. Rxc2 f6 24. Qh4 e5 25. Bd3 g6 $1 26. h3 Rd8 27. Be2 Rd7 28. Qa4 Kg7 29. g4 {g5! is the strong threat.} h6 30. h4 {Black must now prevent g5!} Qe6 31. g5 Bc6 $36 {[%mdl 2048] White is under pressure.} 32. gxf6+ Nxf6 33. Qb4 (33. Rxc6 $17 {was the only chance.} Nxc6 34. Qb5) 33... Qh3 $2 (33... Bxf3 $1 $19 34. Bxf3 Qf5 {[%mdl 64] Double Attack}) 34. Rxc6 $2 (34. Bxe5 $16 Bxf3 35. Bxf6+ Kh7 36. Bxf3 Qxf3 37. Rd2) 34... Nxc6 $11 35. Qxb6 Qg4+ 36. Kh2 Qe4 {Threatening ...Ng4+.} 37. Qc5 (37. Qb5 $11) 37... Kh7 (37... Rb7 $17 38. Bc3 Qd5 39. Qxd5 Nxd5) 38. a4 {[#]} (38. Qb5 $15) 38... Rf7 $2 (38... Qxa4 39. Bb5 $11) (38... Nd4 $1 $19 {[%cal Rd4f3][%mdl 512]} 39. Nxd4 (39. Bxd4 exd4) 39... Qxh4+ 40. Kg2 Ng4 41. Bxg4 Qxg4+ {[%mdl 64] Double Attack} 42. Kh2 Qh4+ 43. Kg2 exd4 44. Bxd4 Qg4+ 45. Kf1 Rb7) 39. a5 Ng4+ (39... Nd7 $1 $15 40. Qd6 Qc2) 40. Kg2 Ne7 41. Qc4 Qxc4 42. Bxc4 Rf8 {With the idea ...e4.} 43. Ba3 (43. Be6 $16 Nxf2 44. Kxf2 (44. Bxe5 Nd1 $15)) 43... e4 44. Bxe7 exf3+ $2 {[%mdl 4096] Endgame KRN-KB} (44... Rxf3 $11 {and Black has nothing to worry.} 45. Kg1 (45. a6 Rxf2+ 46. Kg1 Rd2 $14) 45... Rxf2) 45. Kg3 $18 Rc8 $2 {[#]} (45... Re8 46. Ba3 (46. Kxg4 Rxe7 47. Kxf3 Kg7 $14) 46... Re4) 46. Be6 $2 ({Not} 46. Kxg4 Rxc4+ 47. Kxf3 Ra4 $11) ({Only move:} 46. Bd5 $1 $18 Rc7 47. Kxg4) 46... Re8 $11 {Threatens to win with ...Ne5.The position is equal.} 47. Bxg4 Rxe7 {KR-KB} 48. a6 Re4 49. Bd7 Re5 50. Kxf3 (50. Bh3 {seems wilder.} Ra5 51. Bf1 Ra1 52. Bb5 Ra5 53. Bd3) 50... Ra5 51. Bc8 Ra4 52. e4 g5 53. h5 Kg7 54. Ke3 Kf6 55. Bb7 Ke5 56. Kd3 g4 57. Kc3 Ra2 58. Kd3 $1 Ra4 59. Kc3 Ra3+ 60. Kc4 Ra2 61. Kd3 $1 Ra4 62. Kc3 Ra2 {Accuracy: White = 35%, Black = 40%.} 1/2-1/2